000 00487nam a2200169Ia 4500
999 _c21149
_d21149
003 OSt
005 20211109150155.0
008 190216s9999||||xx |||||||||||||| ||und||
020 _a9780195667141
040 _coclc
082 _a934
_bSHA/I
100 _aSharma, Ram Sharan
_92492
245 0 _aIndia`s Ancient Past /
_cRam Sharan Sharma
260 _bOxford University Press,
_c2011.
_aNew Delhi:
300 _a387p
942 _cBK
_2ddc
_h934
_iSHA/I
_k934
_mSHA/I